[Event "Jugend WM U20w"]
[Site "Istanbul"]
[Date "2005.11.17"]
[Round "8.9"]
[White "Liu, Pei"]
[Black "Mongontuul, Bathuyag"]
[Result "1/2-1/2"]
[WhiteElo "2283"]
[BlackElo "2408"]
[PlyCount "72"]
[EventDate "2005.11.??"]
[EventType "swiss"]
[EventRounds "13"]
[EventCountry "TUR"]
[Source "Reinhold Goldau"]
[SourceDate "2000.03.01"]

1. d4 d5 2. Nf3 Nf6 3. Bg5 Ne4 4. Bh4 Bf5 5. e3 c6 6. c3 Qb6 7. Qb3 Nd7 8. Nfd2
e5 9. Nxe4 Bxe4 10. Nd2 Bg6 11. Be2 Bd6 12. O-O f6 13. f4 exf4 14. Qxb6 Nxb6
15. exf4 O-O 16. f5 Rfe8 17. Rae1 Bf7 18. Bd1 Rxe1 19. Rxe1 Re8 20. Rxe8+ Bxe8
21. b3 Bf4 22. Nf1 Nc8 23. g4 Kf7 24. Bc2 Bd7 25. h3 Bc1 26. Be1 Nd6 27. Bd2
Ba3 28. Bd3 c5 29. dxc5 Bxc5+ 30. Be3 b6 31. b4 Bxe3+ 32. Nxe3 Bc6 33. Bc2 Ne4
34. Bxe4 dxe4 35. Kf2 Ke7 36. Kg3 b5 1/2-1/2

[Event "Jugend WM U20w"]
[Site "Istanbul"]
[Date "2005.11.17"]
[Round "8.11"]
[White "Nadig, Kruttika"]
[Black "Zhang, Jilin"]
[Result "1/2-1/2"]
[WhiteElo "2224"]
[BlackElo "2334"]
[PlyCount "62"]
[EventDate "2005.11.??"]
[EventType "swiss"]
[EventRounds "13"]
[EventCountry "TUR"]
[Source "Reinhold Goldau"]
[SourceDate "2000.03.01"]

1. e4 c5 2. Nf3 e6 3. d4 cxd4 4. Nxd4 a6 5. Nc3 Qc7 6. Bd3 b5 7. O-O Nf6 8. Qe2
d6 9. f4 Nbd7 10. Kh1 Be7 11. Bd2 O-O 12. Rae1 Nc5 13. e5 Nfd7 14. Rf3 Nxd3 15.
cxd3 Bb7 16. Rh3 g6 17. Nf3 Rfd8 18. f5 dxe5 19. fxe6 fxe6 20. Qe3 Nf8 21. Nxe5
b4 22. Ng4 Bc5 23. Qg5 bxc3 24. Bxc3 Bd4 25. Nh6+ Kh8 26. Bxd4+ Rxd4 27. Qf6+
Qg7 28. Nf7+ Kg8 29. Nh6+ Kh8 30. Nf7+ Kg8 31. Nh6+ Kh8 1/2-1/2

[Event "Jugend WM U20w"]
[Site "Istanbul"]
[Date "2005.11.17"]
[Round "8.12"]
[White "Raeva, Elitsa"]
[Black "Melia, Salome"]
[Result "1/2-1/2"]
[WhiteElo "2213"]
[BlackElo "2318"]
[PlyCount "99"]
[EventDate "2005.11.??"]
[EventType "swiss"]
[EventRounds "13"]
[EventCountry "TUR"]
[Source "Reinhold Goldau"]
[SourceDate "2000.03.01"]

1. d4 Nf6 2. Nf3 e6 3. Bf4 b6 4. e3 Be7 5. h3 Bb7 6. Bd3 c5 7. c3 O-O 8. Nbd2
cxd4 9. exd4 d6 10. O-O Nc6 11. Qe2 Re8 12. Rad1 a6 13. a4 Qc7 14. Rfe1 Nb8 15.
Ng5 Bf8 16. Nde4 Nbd7 17. Qc2 h6 18. Nf3 Nxe4 19. Bxe4 Bxe4 20. Qxe4 Nf6 21.
Qd3 Qc6 22. Qc2 b5 23. Ra1 Nd5 24. Bd2 Nb6 25. axb5 axb5 26. Rxa8 Rxa8 27. Re4
Ra1+ 28. Kh2 Nc4 29. Rg4 f5 30. Bxh6 Kf7 31. d5 Qxd5 32. Rd4 Qc6 33. Bf4 Be7
34. b3 Nb6 35. Rd3 Nd5 36. Bg5 Nb4 37. Qb2 Nxd3 38. Qxa1 Qc5 39. Be3 Qc7 40.
Qd1 Nc5 41. Nd4 Qd7 42. Nxf5 exf5 43. Bxc5 Qe6 44. Bd4 Bf6 45. Bxf6 Qxf6 46. g3
Qe5 47. Kg2 Ke6 48. Qd3 Kf7 49. Qd4 Qe6 50. Qd3 1/2-1/2

[Event "Jugend WM U20w"]
[Site "Istanbul"]
[Date "2005.11.17"]
[Round "8.13"]
[White "Gutierrez Castillo, Paloma"]
[Black "Sharevich, Anna"]
[Result "0-1"]
[WhiteElo "2127"]
[BlackElo "2305"]
[PlyCount "44"]
[EventDate "2005.11.??"]
[EventType "swiss"]
[EventRounds "13"]
[EventCountry "TUR"]
[Source "Reinhold Goldau"]
[SourceDate "2000.03.01"]

1. e4 c5 2. Nf3 e6 3. d4 cxd4 4. Nxd4 a6 5. Nc3 b5 6. Bd3 Qb6 7. Nf3 Nc6 8. O-O
Qb8 9. Re1 Nge7 10. Be3 Ng6 11. Nd5 Qd6 12. Bb6 exd5 13. exd5+ Nce7 14. Bxg6
Qxb6 15. d6 hxg6 16. dxe7 Bxe7 17. Qd5 Bb7 18. Qg5 Qf6 19. Rxe7+ Kxe7 20. Qc5+
Kd8 21. Rd1 Bxf3 22. gxf3 Rc8 0-1

[Event "Jugend WM U20w"]
[Site "Istanbul"]
[Date "2005.11.17"]
[Round "8.14"]
[White "Bensdorp, Marlies"]
[Black "Nebolsina, Vera"]
[Result "0-1"]
[WhiteElo "2199"]
[BlackElo "2278"]
[PlyCount "110"]
[EventDate "2005.11.??"]
[EventType "swiss"]
[EventRounds "13"]
[EventCountry "TUR"]
[Source "Reinhold Goldau"]
[SourceDate "2000.03.01"]

1. d4 d5 2. c4 e5 3. dxe5 d4 4. Nf3 Nc6 5. g3 Be6 6. Nbd2 Qd7 7. Bg2 O-O-O 8.
O-O h5 9. Qa4 Kb8 10. Ng5 Nge7 11. Nxe6 Qxe6 12. Ne4 Nf5 13. Ng5 Qd7 14. Qb5
Ka8 15. Bd5 Nh6 16. Bf4 a6 17. Bxc6 Qxc6 18. Qxc6 bxc6 19. Rfd1 c5 20. Rd3 Be7
21. Ne4 h4 22. Rad1 hxg3 23. hxg3 Nf5 24. Kg2 Rb8 25. b3 Rb6 26. Rh1 Rxh1 27.
Kxh1 Re6 28. f3 g5 29. Bc1 Rxe5 30. Kg2 Nd6 31. e3 Nxe4 32. fxe4 Rxe4 33. Kf3
f5 34. Rd1 Bd6 35. Rg1 g4+ 36. Kf2 Re8 37. Ke2 dxe3 38. Rf1 Bxg3 39. Rxf5 Bf2
40. Rxc5 g3 41. Rg5 Kb7 42. Rg6 Re7 43. a3 Kc8 44. b4 Re4 45. c5 Rc4 46. c6 Kd8
47. Bxe3 Re4 48. a4 Rxe3+ 49. Kf1 Re5 50. Rg7 Re8 51. Kg2 Re4 52. Rd7+ Kc8 53.
Rf7 Kb8 54. Rf8+ Ka7 55. a5 Re6 0-1

[Event "Jugend WM U20w"]
[Site "Istanbul"]
[Date "2005.11.17"]
[Round "8.15"]
[White "Andriasian, Siranush"]
[Black "Meshcheriakova, Evgenia"]
[Result "1-0"]
[WhiteElo "2263"]
[BlackElo "2197"]
[PlyCount "91"]
[EventDate "2005.11.??"]
[EventType "swiss"]
[EventRounds "13"]
[EventCountry "TUR"]
[Source "Reinhold Goldau"]
[SourceDate "2000.03.01"]

1. e4 c5 2. Nf3 a6 3. Nc3 e6 4. d4 cxd4 5. Nxd4 Qc7 6. Bd3 Ne7 7. O-O Nec6 8.
Nb3 d6 9. f4 Nd7 10. Kh1 Be7 11. Rf3 b6 12. Rg3 Bf6 13. Qh5 Nc5 14. Nxc5 bxc5
15. Be3 Rb8 16. e5 dxe5 17. Bxc5 exf4 18. Rh3 g6 19. Qh6 Bxc3 20. bxc3 Qe5 21.
Bf2 Qxc3 22. Rf1 e5 23. Qg7 Bxh3 24. Qxh8+ Kd7 25. Qxh7 Be6 26. Bxg6 Qc4 27.
Rd1+ Kc7 28. Bd3 Qxa2 29. h4 Rb1 30. Rxb1 Qxb1+ 31. Kh2 a5 32. Qe4 f5 33. Qf3
a4 34. Bc5 Qe1 35. Qh5 Qg3+ 36. Kg1 Qe1+ 37. Bf1 Bc4 38. Qh7+ Kb8 39. Qh8+ Kc7
40. Qg7+ Kb8 41. Bd6+ Ka8 42. Qc7 Qxf1+ 43. Kh2 Ba6 44. Qxc6+ Bb7 45. Qe8+ Ka7
46. Bc5+ 1-0

[Event "Jugend WM U20w"]
[Site "Istanbul"]
[Date "2005.11.17"]
[Round "8.16"]
[White "Hoolt, Sarah"]
[Black "Zdebskaja, Natalia"]
[Result "1/2-1/2"]
[WhiteElo "2144"]
[BlackElo "2390"]
[PlyCount "67"]
[EventDate "2005.11.??"]
[EventType "swiss"]
[EventRounds "13"]
[EventCountry "TUR"]
[Source "Reinhold Goldau"]
[SourceDate "2000.03.01"]

1. e4 c5 2. Nf3 d6 3. d4 cxd4 4. Nxd4 Nf6 5. Nc3 a6 6. f4 Nbd7 7. a4 Nc5 8. Bd3
Bg4 9. Nf3 e5 10. O-O Be7 11. Qe1 Qb6 12. Kh1 exf4 13. Bxf4 O-O 14. Bc4 Rac8
15. b3 Bh5 16. Bg5 Ncd7 17. e5 dxe5 18. Nxe5 Nxe5 19. Qxe5 Bd6 20. Rxf6 gxf6
21. Qxf6 Bc5 22. Nd5 Qxf6 23. Nxf6+ Kg7 24. Nxh5+ Kg6 25. h4 Kxh5 26. Rf1 f6
27. Bxf6 Rce8 28. Bd3 Bd6 29. Rf5+ Kg4 30. Rg5+ Kxh4 31. Rg8+ Rxf6 32. Rxe8 Kg3
33. Re3+ Kf2 34. Re2+ 1/2-1/2

[Event "Jugend WM U20w"]
[Site "Istanbul"]
[Date "2005.11.17"]
[Round "8.17"]
[White "Zhang, Xiaowen"]
[Black "Szczepkowska, Karina"]
[Result "1/2-1/2"]
[WhiteElo "2153"]
[BlackElo "2278"]
[PlyCount "112"]
[EventDate "2005.11.??"]
[EventType "swiss"]
[EventRounds "13"]
[EventCountry "TUR"]
[Source "Reinhold Goldau"]
[SourceDate "2000.03.01"]

1. e4 e5 2. Nf3 Nc6 3. Bb5 a6 4. Ba4 Nf6 5. O-O Be7 6. Re1 b5 7. Bb3 O-O 8. a4
Bb7 9. d3 d6 10. Nbd2 Na5 11. Ba2 c5 12. Nf1 b4 13. Ne3 Bc8 14. Nc4 Nc6 15. h3
Ne8 16. Nh2 Rb8 17. Nf1 Nc7 18. Nce3 Kh8 19. Ng3 g6 20. Nd5 Ne6 21. Bh6 Rg8 22.
Qf3 Ned4 23. Qd1 Bg5 24. Bxg5 Qxg5 25. c3 Ne6 26. Bc4 Rf8 27. Qf3 h5 28. Rad1
h4 29. Nf1 f5 30. exf5 gxf5 31. Kh2 bxc3 32. bxc3 Rb2 33. Rb1 e4 34. dxe4 Ne5
35. Rxb2 Nxf3+ 36. gxf3 Rg8 37. Nfe3 fxe4 38. Ng4 Nf4 39. Ndf6 Bxg4 40. Nxg4 d5
41. Bxa6 Ne6 42. fxe4 Qf4+ 43. Kg2 Rxg4+ 44. hxg4 Qxg4+ 45. Kh2 Nf4 46. Bf1 d4
47. cxd4 cxd4 48. Rc1 Ng6 49. Rb8+ Kg7 50. Rb7+ Kh6 51. Rc6 Qf4+ 52. Kg1 Qg4+
53. Kh2 Qf3 54. Rbb6 Qxf2+ 55. Bg2 Qg3+ 56. Kh1 Qe1+ 1/2-1/2

[Event "Jugend WM U20w"]
[Site "Istanbul"]
[Date "2005.11.17"]
[Round "8.18"]
[White "Muhren, Bianca"]
[Black "Bashkite, Viktoria"]
[Result "1-0"]
[WhiteElo "2260"]
[BlackElo "2173"]
[PlyCount "69"]
[EventDate "2005.11.??"]
[EventType "swiss"]
[EventRounds "13"]
[EventCountry "TUR"]
[Source "Reinhold Goldau"]
[SourceDate "2000.03.01"]

1. e4 e5 2. Nf3 Nf6 3. Nxe5 d6 4. Nf3 Nxe4 5. Nc3 Nf6 6. d4 Bg4 7. h3 Bh5 8.
Bg5 h6 9. Qe2+ Qe7 10. Bxf6 gxf6 11. O-O-O Qxe2 12. Bxe2 c6 13. Rhe1 Kd8 14.
Nh4 Bxe2 15. Rxe2 Nd7 16. Ne4 Kc7 17. Ng3 Rg8 18. Rde1 Rd8 19. Nhf5 Nb6 20. Re4
Nd5 21. a3 b5 22. c3 a5 23. Kc2 a4 24. R1e2 Kd7 25. f4 Rg6 26. Nh5 Nc7 27. Nh4
f5 28. Nxf5 Re8 29. Rxe8 Nxe8 30. d5 cxd5 31. Nd4 Bg7 32. f5 Rg5 33. Nxg7 Nxg7
34. g4 h5 35. Nf3 1-0

[Event "Jugend WM U20w"]
[Site "Istanbul"]
[Date "2005.11.17"]
[Round "8.20"]
[White "Corke, Anya"]
[Black "Plazaola, Maria De Los Angele"]
[Result "0-1"]
[WhiteElo "2222"]
[BlackElo "2087"]
[PlyCount "71"]
[EventDate "2005.11.??"]
[EventType "swiss"]
[EventRounds "13"]
[EventCountry "TUR"]
[Source "Reinhold Goldau"]
[SourceDate "2000.03.01"]

1. Nf3 Nf6 2. d4 g6 3. c4 c5 4. d5 d6 5. Nc3 Bg7 6. e4 O-O 7. Be2 Re8 8. O-O e6
9. dxe6 Rxe6 10. e5 Ne8 11. Bf4 Nc6 12. Ng5 dxe5 13. Qxd8 Nxd8 14. Nxe6 Nxe6
15. Be3 Nd4 16. Bxd4 cxd4 17. Nd5 e4 18. Bd1 Be6 19. Ba4 Be5 20. Rfe1 f5 21.
Rad1 Bf7 22. Kh1 Nd6 23. f4 Bg7 24. Bb3 b6 25. Ne7+ Kf8 26. Nc6 d3 27. Re3 Nxc4
28. Bxc4 Bxc4 29. Ne5 Bxe5 30. fxe5 Bxa2 31. g4 f4 32. Rf1 g5 33. Kg1 Bd5 34.
e6 Ke7 35. Rh3 Rh8 36. Rh5 0-1

[Event "Jugend WM U20w"]
[Site "Istanbul"]
[Date "2005.11.17"]
[Round "8.21"]
[White "Gregorova, Zuzana"]
[Black "Djukic, Sandra"]
[Result "1/2-1/2"]
[WhiteElo "2183"]
[BlackElo "2140"]
[PlyCount "136"]
[EventDate "2005.11.??"]
[EventType "swiss"]
[EventRounds "13"]
[EventCountry "TUR"]
[Source "Reinhold Goldau"]
[SourceDate "2000.03.01"]

1. e4 c5 2. Nf3 Nc6 3. d3 d6 4. g3 g6 5. Bg2 Bg7 6. O-O e5 7. c3 Nge7 8. Nh4
O-O 9. f4 f5 10. Nf3 Kh8 11. a4 Be6 12. Be3 Bg8 13. fxe5 Nxe5 14. Nxe5 Bxe5 15.
Nd2 Bg7 16. Nf3 fxe4 17. dxe4 Qb6 18. Qd2 Rad8 19. Bg5 Rfe8 20. Nh4 Be6 21. Rf2
Rd7 22. Raf1 Nc6 23. Bf6 Ne5 24. Qh6 Kg8 25. Bxg7 Rxg7 26. h3 c4 27. Kh2 Qa5
28. Qf4 Rf7 29. Qg5 Qxa4 30. Rxf7 Nxf7 31. Qf6 Qb5 32. Nf3 Qd7 33. Qd4 a6 34.
Rd1 Qe7 35. Qb6 Bc8 36. Rd4 Be6 37. Rd1 Rc8 38. Qd4 Rc5 39. Bf1 Ne5 40. Bg2 Nf7
41. Rd2 b5 42. Rd1 Bc8 43. Qe3 Bb7 44. Re1 Ne5 45. Nxe5 Rxe5 46. Qa7 Bc8 47.
Qb8 Qf8 48. Rf1 Qd8 49. h4 Re8 50. Rd1 Bg4 51. Qxd8 Rxd8 52. Rd4 Be6 53. Rd1
Kf7 54. Kg1 Kf6 55. Kf2 Ke5 56. Ke3 Rf8 57. Ra1 Bc8 58. Rd1 Bb7 59. Ra1 h6 60.
Rh1 Rf6 61. Rd1 Rf8 62. Rh1 a5 63. Ra1 Ra8 64. Rf1 Bc8 65. Rf8 Bb7 66. Rf7 Bc8
67. Rf8 Bb7 68. Rf7 Bc8 1/2-1/2

[Event "Jugend WM U20w"]
[Site "Istanbul"]
[Date "2005.11.17"]
[Round "8.22"]
[White "Umudova, Nargiz"]
[Black "Khukhashvili, Sopiko"]
[Result "0-1"]
[WhiteElo "2101"]
[BlackElo "2362"]
[PlyCount "89"]
[EventDate "2005.11.??"]
[EventType "swiss"]
[EventRounds "13"]
[EventCountry "TUR"]
[Source "Reinhold Goldau"]
[SourceDate "2000.03.01"]

1. e4 c5 2. Nf3 d6 3. d4 cxd4 4. Qxd4 Nc6 5. Bb5 Bd7 6. Bxc6 Bxc6 7. Nc3 Nf6 8.
Bg5 e6 9. O-O-O Be7 10. Rhe1 O-O 11. Qd2 Qa5 12. Kb1 Qa6 13. Nd4 Rfc8 14. f3
Be8 15. g4 Rc4 16. Nde2 Rac8 17. Bxf6 Bxf6 18. Qxd6 Qa5 19. Qd2 Rb4 20. g5 Be5
21. f4 Rxc3 22. fxe5 Rc8 23. Nf4 Qb6 24. b3 Rbc4 25. Nh5 Rxc2 26. Qxc2 Rxc2 27.
Kxc2 Qc5+ 28. Kb1 Qxe5 29. Rd8 Kf8 30. Ng3 a5 31. Nf1 Ke7 32. Rd2 Bc6 33. Rde2
Bb5 34. Re3 Qd4 35. Ng3 Bd3+ 36. Rxd3 Qxd3+ 37. Kc1 Qc3+ 38. Kd1 Qa1+ 39. Kd2
Qb2+ 40. Kd3 Qxa2 41. Kc3 Qxh2 42. Re3 Qf2 43. Rd3 Qc5+ 44. Kb2 Qxg5 45. Rc3
0-1

[Event "Jugend WM U20w"]
[Site "Istanbul"]
[Date "2005.11.17"]
[Round "8.25"]
[White "Topel, Zehra"]
[Black "Gevorgyan, Irina"]
[Result "1/2-1/2"]
[WhiteElo "2105"]
[BlackElo "2099"]
[PlyCount "92"]
[EventDate "2005.11.??"]
[EventType "swiss"]
[EventRounds "13"]
[EventCountry "TUR"]
[Source "Reinhold Goldau"]
[SourceDate "2000.03.01"]

1. c4 f5 2. Nc3 Nf6 3. g3 e5 4. Bg2 Nc6 5. d3 d6 6. e3 g6 7. Nge2 Bg7 8. O-O
O-O 9. Rb1 Ne7 10. b3 c6 11. Bb2 Be6 12. Qd2 Kh8 13. Na4 Qc7 14. e4 Rad8 15.
exf5 gxf5 16. d4 Ng6 17. d5 Bg8 18. Nac3 cxd5 19. cxd5 Ne7 20. Rbd1 Rc8 21. Kh1
Qd8 22. b4 Qe8 23. Kg1 a6 24. a4 Qg6 25. Qe3 Rcd8 26. Qb6 Rd7 27. b5 axb5 28.
Qxb5 Rc8 29. Qb3 h5 30. a5 Rc5 31. Na4 Rxa5 32. Nb6 Rd8 33. Qb4 Ra2 34. Nc3 Ra6
35. Rfe1 Qg4 36. Qb3 Nd7 37. Nxd7 Rxd7 38. h3 Qg6 39. Ra1 Qe8 40. Rxa6 bxa6 41.
Ra1 Qc8 42. Qd1 Bf7 43. Qe2 Rb7 44. Qxa6 Qb8 45. Ba3 Rb6 46. Qa5 e4 1/2-1/2

[Event "Jugend WM U20w"]
[Site "Istanbul"]
[Date "2005.11.17"]
[Round "8.26"]
[White "Tilenbaeva, Janyl"]
[Black "Raghavi, N."]
[Result "1/2-1/2"]
[WhiteElo "2019"]
[BlackElo "2104"]
[PlyCount "54"]
[EventDate "2005.11.??"]
[EventType "swiss"]
[EventRounds "13"]
[EventCountry "TUR"]
[Source "Reinhold Goldau"]
[SourceDate "2000.03.01"]

1. e4 c5 2. Nf3 Nc6 3. d4 cxd4 4. Nxd4 Nf6 5. Nc3 e5 6. Nf3 Bb4 7. Bc4 O-O 8.
Qd3 d5 9. Bxd5 Nxd5 10. Qxd5 Qxd5 11. exd5 Nd4 12. O-O Nxc2 13. Rb1 f6 14. Be3
Bf5 15. Rbc1 Rac8 16. Bxa7 Bxc3 17. bxc3 Rxc3 18. Rfd1 Rd8 19. Ne1 Rcc8 20.
Nxc2 Bxc2 21. Rd2 Be4 22. Rxc8 Rxc8 23. f3 Rc1+ 24. Kf2 Rc2 25. Rxc2 Bxc2 26.
Ke3 Kf7 27. Kd2 Bb1 1/2-1/2

[Event "Jugend WM U20w"]
[Site "Istanbul"]
[Date "2005.11.17"]
[Round "8.27"]
[White "Alimova, Maral"]
[Black "Ciobanu, Camelia"]
[Result "1/2-1/2"]
[WhiteElo "2053"]
[BlackElo "2262"]
[PlyCount "56"]
[EventDate "2005.11.??"]
[EventType "swiss"]
[EventRounds "13"]
[EventCountry "TUR"]
[Source "Reinhold Goldau"]
[SourceDate "2000.03.01"]

1. d4 Nf6 2. Nf3 g6 3. e3 Bg7 4. Be2 c5 5. a3 b6 6. O-O Bb7 7. c4 O-O 8. Nc3
cxd4 9. exd4 Na6 10. b4 d5 11. c5 bxc5 12. bxc5 Ne4 13. Na4 Qa5 14. Nb2 e5 15.
Nxe5 Naxc5 16. Nbd3 Ne6 17. Be3 Rfc8 18. f4 f6 19. Nf3 Nc7 20. Bd2 Nxd2 21.
Nxd2 Ba6 22. Nb3 Qb6 23. Nbc5 Nb5 24. Nxa6 Nc3 25. Qd2 Nxe2+ 26. Qxe2 Qxa6 27.
Qf3 Qc4 28. Nb4 f5 1/2-1/2

[Event "Jugend WM U20w"]
[Site "Istanbul"]
[Date "2005.11.17"]
[Round "8.30"]
[White "Pavlogianni, Despina"]
[Black "Chaumont, Adeline"]
[Result "1/2-1/2"]
[WhiteElo "1989"]
[BlackElo "2035"]
[PlyCount "103"]
[EventDate "2005.11.??"]
[EventType "swiss"]
[EventRounds "13"]
[EventCountry "TUR"]
[Source "Reinhold Goldau"]
[SourceDate "2000.03.01"]

1. e4 e6 2. b3 d5 3. Bb2 dxe4 4. Nc3 Nf6 5. g4 h6 6. Bg2 Nbd7 7. Nxe4 Nxe4 8.
Bxe4 Nf6 9. Bg2 c6 10. Qe2 Bd7 11. O-O-O Qa5 12. Kb1 O-O-O 13. f4 Nd5 14. Bxd5
exd5 15. h3 f6 16. Nf3 Bd6 17. f5 c5 18. d4 Rhe8 19. Qd2 Qxd2 20. Nxd2 Re2 21.
dxc5 Bxc5 22. Nf3 Bc6 23. Bd4 b6 24. Rhe1 Rde8 25. Rxe2 Rxe2 26. Kc1 Kc7 27.
Rd2 Re4 28. Kb2 Bd6 29. c3 Bf4 30. Rf2 Bd6 31. Kc2 Rf4 32. Ne1 Re4 33. Nf3 Bc5
34. Rd2 Rf4 35. Rd3 Bb5 36. Re3 Re4 37. Kd2 Bf1 38. Bxc5 bxc5 39. Ng1 Kd6 40.
Rxe4 dxe4 41. Ke3 Ke5 42. b4 cxb4 43. cxb4 a6 44. a3 Kd5 45. h4 Kc4 46. Kxe4
Kb3 47. Kd4 Kxa3 48. Kc3 Ka4 49. Nf3 Be2 50. Nh2 Kb5 51. Kd2 Bc4 52. Kc3
1/2-1/2

[Event "Jugend WM U20w"]
[Site "Istanbul"]
[Date "2005.11.17"]
[Round "8.31"]
[White "Almer, Julia"]
[Black "Levacic, Melissa"]
[Result "0-1"]
[WhiteElo "1943"]
[BlackElo "1993"]
[PlyCount "134"]
[EventDate "2005.11.??"]
[EventType "swiss"]
[EventRounds "13"]
[EventCountry "TUR"]
[Source "Reinhold Goldau"]
[SourceDate "2000.03.01"]

1. e4 e5 2. Nf3 Nc6 3. d4 exd4 4. Bc4 Nf6 5. e5 d5 6. Bb5 Ne4 7. Nxd4 Bd7 8.
Bxc6 bxc6 9. O-O Bc5 10. Be3 O-O 11. f3 Ng5 12. Qd2 h6 13. Nc3 f6 14. exf6 Qxf6
15. Bf2 Qg6 16. Kh1 Bd6 17. Nde2 Bf5 18. Rac1 Rae8 19. Na4 Qh5 20. Bg1 Bc8 21.
c4 Ba6 22. b3 Ne6 23. Nac3 dxc4 24. Ne4 cxb3 25. axb3 Bb5 26. Nxd6 cxd6 27. Ng3
Qg5 28. Qxg5 Nxg5 29. Rfd1 Rf6 30. Bxa7 Rfe6 31. Kg1 g6 32. Kf2 h5 33. Re1 h4
34. Nf1 Kf7 35. Ne3 h3 36. g3 Rf6 37. f4 Ne4+ 38. Kg1 Nd2 39. Ng4 Rxe1+ 40.
Rxe1 Nf3+ 41. Kf2 Nxe1 42. Kxe1 Re6+ 43. Be3 c5 44. Kd2 Re8 45. Nf2 Bf1 46. Ng4
Ra8 47. Kc3 Ra2 48. Nf2 Bg2 49. Kd3 Ra3 50. Kc3 Bd5 51. Nxh3 Rxb3+ 52. Kd2 Rb2+
53. Kd3 Rxh2 54. Ng5+ Kf6 55. Bd2 c4+ 56. Ke3 Rg2 57. Bc3+ Ke7 58. Be1 Ba8 59.
Kd4 d5 60. Nf3 Kf6 61. Ne5 Re2 62. Bb4 Re4+ 63. Kc5 Kf5 64. Nd7 c3 65. Bxc3
Rc4+ 66. Kd6 Rxc3 67. Ne5 Rxg3 0-1

[Event "Jugend WM U20w"]
[Site "Istanbul"]
[Date "2005.11.17"]
[Round "8.32"]
[White "Frank Nielsen, Marie"]
[Black "Mezioud, Amina"]
[Result "0-1"]
[WhiteElo "1919"]
[BlackElo "1978"]
[PlyCount "76"]
[EventDate "2005.11.??"]
[EventType "swiss"]
[EventRounds "13"]
[EventCountry "TUR"]
[Source "Reinhold Goldau"]
[SourceDate "2000.03.01"]

1. e4 e5 2. Nf3 Nc6 3. Bc4 d6 4. c3 Na5 5. Be2 Nf6 6. d4 exd4 7. cxd4 Nc6 8.
Nc3 Be7 9. O-O O-O 10. h3 Re8 11. a3 d5 12. e5 Ne4 13. Bd3 f5 14. Qb3 Nxc3 15.
bxc3 Na5 16. Qd1 Be6 17. Nd2 b6 18. Nb3 Nc4 19. Nd2 c5 20. Nxc4 dxc4 21. Be2
cxd4 22. cxd4 Rc8 23. Be3 Qd7 24. Qc2 f4 25. Bxf4 Qxd4 26. Bg3 Rf8 27. Rfd1 Qc5
28. Bf3 Rxf3 29. gxf3 Bd5 30. Kh2 Bxf3 31. Rg1 Rf8 32. Qa4 b5 33. Qc2 Qc6 34.
Qd2 h5 35. Bf4 Qe4 36. Rxg7+ Kxg7 37. Bh6+ Kf7 38. Bxf8 Qxe5+ 0-1

[Event "Jugend WM U20w"]
[Site "Istanbul"]
[Date "2005.11.18"]
[Round "9.1"]
[White "Gu, Xiaobing"]
[Black "Mamedjarova, Turkan"]
[Result "1-0"]
[WhiteElo "2330"]
[BlackElo "2223"]
[PlyCount "141"]
[EventDate "2005.11.??"]
[EventType "swiss"]
[EventRounds "13"]
[EventCountry "TUR"]
[Source "Reinhold Goldau"]
[SourceDate "2000.03.01"]

1. c4 e5 2. Nc3 d6 3. g3 g6 4. Bg2 Bg7 5. Nf3 Ne7 6. d4 exd4 7. Nxd4 O-O 8. O-O
Nbc6 9. Nxc6 Nxc6 10. Bd2 Be6 11. b3 Qd7 12. Re1 Bh3 13. Bh1 Rfe8 14. Rc1 Qf5
15. e4 Qd7 16. Nd5 Ne5 17. Bc3 c6 18. Nf4 Bh6 19. Rc2 g5 20. Nxh3 Qxh3 21. Qxd6
Ng4 22. f3 Rad8 23. Qc7 Bf8 24. Qa5 b5 25. b4 Nh6 26. Bg2 Qe6 27. cxb5 c5 28.
Kh1 Rc8 29. Rcc1 cxb4 30. Bxb4 Bxb4 31. Qxb4 Qxa2 32. Qd6 Qe6 33. Qxe6 fxe6 34.
Bh3 g4 35. Bxg4 Nxg4 36. fxg4 Rb8 37. Rc7 Rxb5 38. Rd1 Rb2 39. Rdd7 a5 40. Rg7+
Kh8 41. Rxh7+ Kg8 42. Rcg7+ Kf8 43. Ra7 Kg8 44. Rhg7+ Kh8 45. Rgb7 Re2 46. Rxa5
Rc8 47. Ra1 Rxe4 48. Kg2 Rxg4 49. Re7 Re4 50. Kf3 Re5 51. Kf4 Re2 52. h4 Rf8+
53. Kg5 Re5+ 54. Kg6 Re4 55. Ra3 Rg4+ 56. Kh5 Rg7 57. Rxg7 Kxg7 58. g4 Rf7 59.
g5 Rb7 60. Re3 Rb6 61. Re4 Rc6 62. Kg4 Kf7 63. Ra4 Rc7 64. Ra6 Rd7 65. Kh5 e5
66. Kh6 Rd4 67. g6+ Ke7 68. h5 Rg4 69. g7 Kf7 70. Ra7+ Kf6 71. Kh7 1-0

[Event "Jugend WM U20w"]
[Site "Istanbul"]
[Date "2005.11.18"]
[Round "9.4"]
[White "Kadziolka, Beata"]
[Black "Harika, Dronavalli"]
[Result "1/2-1/2"]
[WhiteElo "2352"]
[BlackElo "2392"]
[PlyCount "103"]
[EventDate "2005.11.??"]
[EventType "swiss"]
[EventRounds "13"]
[EventCountry "TUR"]
[Source "Reinhold Goldau"]
[SourceDate "2000.03.01"]

1. Nf3 c5 2. e4 Nc6 3. d4 cxd4 4. Nxd4 e5 5. Nb5 d6 6. N1c3 a6 7. Na3 b5 8. Nd5
Nf6 9. c4 b4 10. Nxf6+ Qxf6 11. Nc2 Qg6 12. Qd3 Rb8 13. g3 Be7 14. Bg2 O-O 15.
Ne3 Nd4 16. Nd5 Bd8 17. Be3 Be6 18. Bxd4 Bxd5 19. cxd5 exd4 20. O-O a5 21. Qxd4
Bb6 22. Qd3 Qf6 23. Qd2 Qd4 24. Rad1 Qxd2 25. Rxd2 f5 26. exf5 Rxf5 27. Bh3 Re5
28. Kg2 Kf8 29. Be6 Bc5 30. Rc1 Ke7 31. b3 Rb7 32. Rcc2 Rc7 33. h4 Kd8 34. Kf1
Ra7 35. Rc4 h6 36. Rf4 Re7 37. Rc2 Re8 38. Rcc4 Re7 39. Rf8+ Re8 40. Rcf4 g5
41. hxg5 hxg5 42. R4f7 Rxf8 43. Rxf8+ Kc7 44. f4 gxf4 45. gxf4 Re3 46. f5 Bd4
47. Rc8+ Kb7 48. Rc2 Rg3 49. Rc4 Be5 50. Kf2 Rc3 51. Re4 Kc7 52. Re2 1/2-1/2

[Event "Jugend WM U20w"]
[Site "Istanbul"]
[Date "2005.11.18"]
[Round "9.5"]
[White "Zawadzka, Jolanta"]
[Black "Motoc, Alina"]
[Result "1-0"]
[WhiteElo "2381"]
[BlackElo "2313"]
[PlyCount "65"]
[EventDate "2005.11.??"]
[EventType "swiss"]
[EventRounds "13"]
[EventCountry "TUR"]
[Source "Reinhold Goldau"]
[SourceDate "2000.03.01"]

1. e4 c5 2. Nf3 d6 3. d4 Nf6 4. Nc3 cxd4 5. Nxd4 a6 6. Bg5 e6 7. f4 Qb6 8. Nb3
Nc6 9. Qf3 Bd7 10. O-O-O Be7 11. Bd3 O-O-O 12. Bh4 Qc7 13. Bf2 Nb4 14. Kb1 e5
15. f5 Bc6 16. a3 Nxd3 17. cxd3 d5 18. Rc1 dxe4 19. dxe4 Rd7 20. Rhe1 Rhd8 21.
h3 Rd3 22. Re3 R3d7 23. Na4 Kb8 24. Nac5 Bxc5 25. Nxc5 Rd2 26. Rb3 Qa5 27. Rb4
Ka8 28. Qe3 R8d4 29. Nb3 Bxe4+ 30. Qxe4 Qxb4 31. Rc8+ Ka7 32. Qxe5 Qxb3 33.
Bxd4+ 1-0

[Event "Jugend WM U20w"]
[Site "Istanbul"]
[Date "2005.11.18"]
[Round "9.6"]
[White "Dzagnidze, Nana"]
[Black "Aketaeva, Dana"]
[Result "1-0"]
[WhiteElo "2443"]
[BlackElo "2256"]
[PlyCount "59"]
[EventDate "2005.11.??"]
[EventType "swiss"]
[EventRounds "13"]
[EventCountry "TUR"]
[Source "Reinhold Goldau"]
[SourceDate "2000.03.01"]

1. d4 Nf6 2. c4 e6 3. Nc3 Bb4 4. Qc2 b6 5. e4 Bb7 6. f3 c5 7. d5 d6 8. Bd3 Nbd7
9. Nge2 O-O 10. O-O a6 11. Bg5 h6 12. Bh4 e5 13. Nd1 b5 14. Ne3 bxc4 15. Nxc4
Qc7 16. Qc1 Rfe8 17. Ng3 Nxd5 18. exd5 Bxd5 19. Nf5 Bxc4 20. Bxc4 Nf8 21. Rd1
Ng6 22. Nxd6 Rf8 23. Bg3 Rad8 24. Nxf7 Rxf7 25. Rxd8+ Qxd8 26. Qc2 Qf6 27. Rd1
Kh7 28. Bxf7 Qxf7 29. a3 Ba5 30. Bxe5 1-0

[Event "Jugend WM U20w"]
[Site "Istanbul"]
[Date "2005.11.18"]
[Round "9.7"]
[White "Tania, Sachdev"]
[Black "Liu, Pei"]
[Result "1/2-1/2"]
[WhiteElo "2379"]
[BlackElo "2283"]
[PlyCount "40"]
[EventDate "2005.11.??"]
[EventType "swiss"]
[EventRounds "13"]
[EventCountry "TUR"]
[Source "Reinhold Goldau"]
[SourceDate "2000.03.01"]

1. d4 d5 2. c4 c6 3. Nf3 Nf6 4. Nc3 e6 5. cxd5 exd5 6. Bg5 Be7 7. e3 Bf5 8.
Bxf6 Bxf6 9. Bd3 Bxd3 10. Qxd3 O-O 11. O-O a5 12. Na4 Nd7 13. Rac1 Re8 14. Nd2
Be7 15. f4 Nf6 16. Rf3 Bb4 17. a3 Bxd2 18. Qxd2 Ne4 19. Qd1 f5 20. Nc5 Nxc5
1/2-1/2